Logo BPK

Biblioteka

Politechniki Koszalińskiej

Wellen ein Lehrbuch der Theoretischen Physik / (Rekord nr 8579)

Szczegóły MARC
000 -ETYKIETA REKORDU
podpole kontrolne o stałej długości 00345nam a2200145 i 4500
001 - NUMER KONTROLNY REKORDU
pole kontrolne bg
040 ## - ŹRÓDŁO KATALOGOWANIA
Instytucja, która utworzyła rekord BPK
041 ## - KOD JĘZYKA
Kod języka tekstu pol
008 - POLE O STAŁEJ DŁUGOŚCI - DANE KONTROLNE
podpole kontrolne o stałej długości s pl f |000 0 pol
100 1# - NAZWA OSOBOWA
Nazwa osobowa MACKE, W.
245 #0 - TYTUŁ/ODPOWIEDZIALNOŚĆ
Tytuł Wellen ein Lehrbuch der Theoretischen Physik /
Pozostałe elementy strefy tytułu i oznaczenia odpowiedzialności W. Macke.
250 ## - STREFA WYDANIA
Oznaczenie wydania Durchges. Aufl. 2.
260 ## - STREFA ADRESU WYDAWNICZEGO
Miejsce wydania Lipsk,
Data publikacji, dystrybucji/powstania dokumentu 1962.
856 ## - LOKALIZACJA I DOSTĘP DO ELEKTRONICZNYCH DOKUMENTÓW ZDALNYCH
Link (URL) http://koha.tu.koszalin.pl/cgi-bin/koha/opac-detail.pl?biblionumber=8579
Tekst linku Katalog online BPK
942 ## - DODATKOWE ELEMENTY (KOHA)
Typ dokumentu Książka
Egzemplarze
Wycofany Status egzemplarza Uszkodzony Dostępność Lokalizacja stała Lokalizacja bieżąca Miejsce przechowywania Sygnatura Kod kreskowy Typ dokumentu
      Dostępny Biblioteka Politechniki Koszalińskiej Biblioteka Politechniki Koszalińskiej Wypożyczalnia BG 5316 02191744 Książka
© 2023 Biblioteka Politechniki Koszalińskiej :: KOHA